J'ai perdu le nord - La Reine des Neiges 2 (Paroles) - Statistiques

Statistiques générales
  • Ce quiz a été pris 181 fois
  • Le résultat moyen est 194 sur 239
Statistiques - réponses
Personnage Paroles % Correct
le
99%
Le
99%
nord
98%
perdu
98%
Chœurs Perdu
98%
Chœurs | Sven? Tu
97%
tu
97%
à
96%
a
96%
Kristoff Les
96%
Et
95%
et
95%
j'ai
95%
J'ai
95%
Je
95%
je
95%
la
95%
95%
un
95%
qui
93%
Qui
93%
suis
93%
plus
92%
une
92%
ne
91%
Kristoff Quand
91%
quand
91%
que
90%
Que
90%
sud
90%
comme
89%
de
89%
l'est
89%
l'ouest
89%
boussole
88%
te
88%
des
87%
va
87%
il
86%
ma
86%
me
86%
pars
86%
sais
86%
t'en
85%
nous
84%
du
82%
vas
82%
Mais
81%
rien
80%
bien
79%
moi
79%
Kristoff Moi
79%
toi
79%
dis
78%
lumière
78%
tout
78%
vie
78%
faire
77%
phare
77%
pour
77%
chemin
76%
76%
Pas
76%
quoi
76%
Si
76%
bateau
74%
pense
74%
sépare
74%
fais
73%
nouveau
73%
vrai
73%
illusions
71%
lorsque
71%
prends
71%
vieux
71%
dans
70%
fleurs
70%
avec
69%
Chœurs Avec
69%
ciel
69%
guette
69%
C'est
68%
C'était
68%
grand
68%
vraie
68%
revoir
67%
meilleur
66%
veux
66%
frisson
65%
t'offrir
65%
amour
64%
l'espoir
64%
console
63%
Peut-être
63%
ressens
63%
savais
63%
Notre
62%
sont
62%
tant
62%
bientot
60%
ferveur
60%
sans
60%
verras
60%
était
59%
jamais
59%
lire
59%
doute
58%
évidence
58%
Kristoff Ton
58%
n'avait
57%
J'attendrai
56%
Parce
56%
jour
54%
rennes
52%
Autrefois
51%
reviendras
50%
Sven
48%
montrer
47%
Oh
47%
qu'un
47%
y
47%
tes
46%
Est-ce
45%
sentiments
42%
sincères
40%
faut
39%
heureux
38%
Kristoff
38%
croire
37%
Pourtant
37%
quelle
37%
histoire
36%
l'amour
31%
Allons
28%
Aucun quiz correspondant
Distribution des résultats
% des personnes avec chaque résultat
Percentile par nombre de réponses
Votre historique - résultats
Vous n’avez pas pris ce quiz